Estadísticas para Países con K

Haz click aquí para intentar la prueba.

Estadísticas generales

  • Esta prueba ha sido intentada 131 veces
    (108 desde el último reinicio)
  • La puntuación promedio es 4 de 6

Estadísticas de respuestas

Países% Correcto
PaísKenia
90%
PaísKazajistán
81%
PaísKirguistán
74%
PaísKiribati
74%
PaísKuwait
69%
PaísKosovo
54%

Distribución de puntuación

Porcentaje por número respondido

Porcentaje de gente con cada puntuación

Historial de tus puntuaciones

No has intentado esta prueba desde el último reinicio